Năng lượng mới số 74
Nội dung số này trình bày: PETROVIETNAM trao tặng 200 máy -thở điều trị bệnh nhân covid-19; công đoàn dầu khí việt nam hết lòng vì người lao động trong đại dịch; năng lượng sinh khói tiềm năng lớn; tuổi trẻ dầu khí trong đại dịch covid-19; tháo...
Guardat en:
| Format: | Llibre |
|---|---|
| Idioma: | Vietnamese |
| Publicat: |
H.
Hội dầu khí Việt Nam
2021
|
| Matèries: | |
| Etiquetes: |
Afegir etiqueta
Sense etiquetes, Sigues el primer a etiquetar aquest registre!
|
| Thư viện lưu trữ: | Thư viện Trường Đại học Nam Cần Thơ |
|---|
| LEADER | 01207nam a22002177a 4500 | ||
|---|---|---|---|
| 001 | NCT_113276 | ||
| 008 | 220304b xxu||||| |||| 00| 0 vie d | ||
| 999 | |c 5767 |d 5767 | ||
| 041 | 0 | |a vie | |
| 082 | 0 | 4 | |2 23rd ed. |a 333.79 |b N116L |
| 245 | 0 | 0 | |a Năng lượng mới |n số 74 |c Hội dầu khí Việt Nam |
| 260 | |a H. |b Hội dầu khí Việt Nam |c 2021 | ||
| 300 | |c 28cm | ||
| 310 | |a Phát hành thứ ba hàng tuần | ||
| 362 | |a 31/08/2021 | ||
| 520 | 3 | |a Nội dung số này trình bày: PETROVIETNAM trao tặng 200 máy -thở điều trị bệnh nhân covid-19; công đoàn dầu khí việt nam hết lòng vì người lao động trong đại dịch; năng lượng sinh khói tiềm năng lớn; tuổi trẻ dầu khí trong đại dịch covid-19; tháo gỡ vướng mắc về thể chế cho PETROVIETNAM | |
| 653 | |a Công nghệ kỹ thuật ô tô | ||
| 655 | |a Tạp chí | ||
| 942 | |2 ddc |c CR | ||
| 952 | |0 0 |1 0 |2 ddc |4 0 |6 333_790000000000000_N116L |7 0 |9 23276 |a 000001 |b 000001 |d 2022-04-25 |o 333.79 N116L |r 2022-04-25 |w 2022-04-25 |y CR | ||
| 980 | |a Thư viện Trường Đại học Nam Cần Thơ | ||